000
00230nam a2200097Ia 4500
001
645458
005
20250826153624.0
008
250824s9999 xx 000 0 und d
245
0
_a
Karşı Pencere
_c
Sevim Ak
260
_b
CAN YAYINLARI
999
_c
645458
_d
645458